[Event "Hilton Open 2010"]
[Site "Basel"]
[Date "2010.01.??"]
[Round "?"]
[White "Habibi, Ali"]
[Black "Altmann, Dominik"]
[Result "1-0"]
[WhiteElo "2307"]
[BlackElo "2067"]
[PlyCount "119"]
[SourceDate "2009.12.28"]

1. g3 c5 2. Bg2 Nc6 3. c4 g6 4. Nc3 Bg7 5. Nf3 e5 6. d3 Nge7 7. Ne4 d6 8. Bg5
h6 9. Bf6 O-O 10. Nfd2 Be6 11. O-O Qd7 12. Re1 Kh7 13. e3 Ng8 14. Bxg7 Kxg7 15.
a3 f5 16. Nc3 Nf6 17. Nb3 Rac8 18. f4 Ne7 19. Rc1 g5 20. Qe2 Ng6 21. Qf3 a6 22.
a4 Rb8 23. Nd2 b6 24. b3 g4 25. Qe2 h5 26. Rb1 a5 27. Rbd1 Qe7 28. Qf2 Qf7 29.
Nb5 Rbd8 30. Nb1 h4 31. N1c3 hxg3 32. hxg3 d5 33. Rd2 Rd7 34. Red1 Rfd8 35.
fxe5 Nxe5 36. d4 Nf3+ 37. Bxf3 gxf3 38. Qxf3 dxc4 39. bxc4 Bxc4 40. Qxf5 Be6
41. Qe5 Bg4 42. Rf1 Re7 43. Qf4 Qg6 44. Rh2 Nh5 45. Qf2 Be6 46. Rxh5 Rf7 47.
Qh2 Rxf1+ 48. Kxf1 Qd3+ 49. Qe2 Rf8+ 50. Ke1 Qg6 51. Rh2 Bg4 52. Qc2 Bf5 53.
Qg2 Bd3 54. Rh1 cxd4 55. Nxd4 Re8 56. Qb7+ Kg8 57. Qf3 Bc4 58. Rh4 Qd3 59. Rg4+
Kh7 60. Qh1# 1-0

[Event "Hilton Open 2010"]
[Site "Basel"]
[Date "2010.01.??"]
[Round "?"]
[White "Hug, Marcel"]
[Black "Moser, Guido"]
[Result "1-0"]
[WhiteElo "2303"]
[BlackElo "2022"]
[PlyCount "47"]
[EventDate "2009.12.28"]
[SourceDate "2009.12.28"]

1. e4 c5 2. Nc3 a6 3. g3 Nc6 4. Bg2 g6 5. d3 Bg7 6. f4 d6 7. Nf3 e6 8. O-O Nge7
9. Be3 O-O 10. Qd2 Nd4 11. Nh4 Rb8 12. Rae1 b5 13. Nd1 b4 14. c3 bxc3 15. bxc3
Ndc6 16. f5 Bf6 17. Bh6 Bxh4 18. gxh4 exf5 19. exf5 Ne5 20. fxg6 N7xg6 21. h5
Nh8 22. d4 Ng4 23. Bxf8 Kxf8 24. h3 1-0

[Event "Hilton Open 2010"]
[Site "Basel"]
[Date "2010.01.??"]
[Round "?"]
[White "Lutz, Bernhard"]
[Black "Meyer, Bernhard"]
[Result "1-0"]
[WhiteElo "2289"]
[BlackElo "2163"]
[PlyCount "73"]
[SourceDate "2009.12.28"]

1. d4 Nf6 2. Nf3 e6 3. c4 d5 4. Nc3 Nbd7 5. cxd5 exd5 6. Bg5 c6 7. e3 Be7 8.
Qc2 O-O 9. Bd3 Re8 10. O-O Nf8 11. h3 Ng6 12. Bxf6 Bxf6 13. b4 a6 14. a4 Qd6
15. Rab1 Bd7 16. Rfc1 Rac8 17. Ne2 Bd8 18. Ng3 Bc7 19. Bf5 Bxf5 20. Qxf5 h6 21.
b5 axb5 22. axb5 Qa3 23. Ne2 Ne7 24. Qg4 Qd3 25. bxc6 bxc6 26. Ne1 Qh7 27. Rb7
Nf5 28. Nf4 Bxf4 29. Qxf4 Re4 30. Qc7 Ne7 31. Rb8 Qf5 32. Rxc8+ Qxc8 33. Qxc8+
Nxc8 34. Rxc6 Ne7 35. Rd6 Re6 36. Rd8+ Kh7 37. Nd3 1-0

[Event "Hilton Open 2010"]
[Site "Basel"]
[Date "2010.01.??"]
[Round "?"]
[White "Lutz, Bernhard"]
[Black "Matovic, Daniel"]
[Result "1-0"]
[WhiteElo "2289"]
[BlackElo "2017"]
[PlyCount "57"]
[EventDate "2009.12.28"]
[SourceDate "2009.12.28"]

1. d4 d5 2. c4 Nf6 3. Nf3 Bf5 4. Nc3 e6 5. Nh4 Bg6 6. Nxg6 hxg6 7. e3 Nbd7 8.
Qb3 Rb8 9. Bd2 c6 10. Be2 Bd6 11. h3 Qe7 12. cxd5 exd5 13. O-O g5 14. f3 Qe6
15. e4 Bf4 16. exd5 cxd5 17. Bxf4 gxf4 18. Qa3 Kd8 19. Rae1 Qb6 20. Nb5 Ne8 21.
Bd3 Qf6 22. Qa5+ Qb6 23. Qb4 Qf6 24. Nxa7 Nc7 25. Nb5 Nxb5 26. Bxb5 b6 27. Bxd7
Kxd7 28. Re5 Qd6 29. Qb5+ 1-0

[Event "Hilton Open 2010"]
[Site "Basel"]
[Date "2010.01.??"]
[Round "?"]
[White "Bogdanov, Oleksi"]
[Black "Heimann, Andreas"]
[Result "0-1"]
[WhiteElo "2280"]
[BlackElo "2441"]
[PlyCount "62"]
[SourceDate "2009.12.28"]

1. d4 Nf6 2. c4 g6 3. Nc3 Bg7 4. e4 d6 5. Nf3 O-O 6. Be2 e5 7. O-O Nc6 8. d5
Ne7 9. Ne1 Nd7 10. Be3 f5 11. f3 f4 12. Bf2 g5 13. a4 Ng6 14. a5 Rf7 15. Nd3
Bf8 16. Nb5 Nf6 17. Nxa7 Bd7 18. a6 bxa6 19. Nb4 g4 20. Nac6 Qc8 21. Ra3 Rg7
22. Kh1 g3 23. hxg3 fxg3 24. Bxg3 Nf4 25. Bxf4 exf4 26. Qd2 Nh5 27. Kh2 Ng3 28.
Re1 Qe8 29. Kg1 Qh5 30. Qxf4 Qh1+ 31. Kf2 Nxe4+ 0-1

[Event "Hilton Open 2010"]
[Site "Basel"]
[Date "2010.01.??"]
[Round "?"]
[White "Giertz, Niklaus"]
[Black "Seitz, Benjamin"]
[Result "1-0"]
[WhiteElo "2248"]
[BlackElo "1997"]
[PlyCount "35"]
[EventDate "2009.12.28"]
[SourceDate "2009.12.28"]

1. Nf3 Nf6 2. c4 e6 3. e3 d5 4. d4 c6 5. Nbd2 Bd6 6. Bd3 O-O 7. O-O Nbd7 8. e4
dxe4 9. Nxe4 Nxe4 10. Bxe4 f5 11. Bc2 e5 12. c5 Bc7 13. Bb3+ Kh8 14. Ng5 e4 15.
Ne6 Bxh2+ 16. Kxh2 Qh4+ 17. Kg1 Nf6 18. Bg5 1-0

[Event "Hilton Open 2010"]
[Site "Basel"]
[Date "2010.01.??"]
[Round "?"]
[White "Grandadam, Nicolas"]
[Black "Schaub, Marc"]
[Result "1-0"]
[WhiteElo "2221"]
[BlackElo "1961"]
[PlyCount "111"]
[EventDate "2010.01.02"]
[SourceDate "2009.12.28"]

1. Nf3 Nf6 2. c4 g6 3. Nc3 d5 4. cxd5 Nxd5 5. Qa4+ Bd7 6. Qb3 Nb6 7. d4 Bg7 8.
Bf4 Nc6 9. Rd1 Na5 10. Qc2 Nac4 11. e3 c6 12. Be2 O-O 13. O-O Nd6 14. Be5 f6
15. Bg3 Nf7 16. Qb3 Qc8 17. Ne4 Be6 18. Qa3 Nc4 19. Qc3 Nfd6 20. Nc5 Bf7 21.
Bxd6 Nxd6 22. Qc2 b6 23. Nd3 Bc4 {(=)} 24. Nd2 Ba6 25. Nf4 Bxe2 26. Nxe2 Qa6
27. Nc3 Rac8 28. Nde4 f5 29. Ng5 h6 30. Ne6 Rf6 31. Nxg7 Kxg7 32. Rfe1 Qc4 33.
b3 Qf7 {(=)} 34. Qd3 c5 35. dxc5 Rxc5 36. Nd5 Re6 37. Rc1 Ne4 38. Qd4+ Kh7 39.
Rxc5 bxc5 40. Qa1 Rd6 41. Nc3 Nxc3 42. Qxc3 Qd5 43. g3 Qd2 44. Rc1 Qxa2 45. Qe5
Rd7 46. Qe6 Qd2 47. Qf7+ Kh8 48. Rxc5 Qd6 49. Qf8+ Kh7 50. Rc8 Qd1+ 51. Kg2
Qd5+ 52. Kh3 g5 53. Qh8+ Kg6 54. Rg8+ Kh5 55. Rxg5+ Kxg5 56. Qg7+ 1-0

[Event "Hilton Open 2010"]
[Site "Basel"]
[Date "2010.01.??"]
[Round "?"]
[White "Schulz, Raphael"]
[Black "Milosevic, Goran"]
[Result "0-1"]
[WhiteElo "2209"]
[BlackElo "2392"]
[PlyCount "70"]
[SourceDate "2009.12.28"]

1. e4 c5 2. Nc3 e6 3. Nf3 a6 4. d4 cxd4 5. Nxd4 Qc7 6. Be2 b5 7. f4 Bb7 8. Bf3
d6 9. O-O Nd7 10. Re1 Be7 11. Kh1 Rd8 12. a3 Nb6 13. Re2 Nf6 14. Qe1 O-O 15. b3
d5 16. e5 Ne4 17. Bb2 b4 18. axb4 Bxb4 19. Ncb5 Qe7 20. c3 Bc5 21. Nd6 Nxd6 22.
exd6 Qxd6 23. f5 exf5 24. Nxf5 Qf4 25. Ne7+ Kh8 26. c4 f6 27. Rd1 Rd7 28. Nxd5
Nxd5 29. cxd5 Bd6 30. Qg1 Qb4 31. Rd4 Qxb3 32. Rh4 Bxd5 33. Re3 Qxb2 34. Bxd5
g5 35. Rh5 Bf4 0-1

[Event "Hilton Open 2010"]
[Site "Basel"]
[Date "2010.01.??"]
[Round "?"]
[White "Stankovic, Zeljko"]
[Black "Weidt, Frank"]
[Result "1-0"]
[WhiteElo "2195"]
[BlackElo "2062"]
[PlyCount "55"]
[SourceDate "2009.12.28"]

1. d4 Nf6 2. c4 e6 3. Nc3 Bb4 4. e3 c5 5. Nge2 d5 6. a3 cxd4 7. exd4 Be7 8. c5
a5 9. Rb1 b6 10. b4 axb4 11. axb4 bxc5 12. dxc5 e5 13. Bg5 d4 14. Nb5 O-O 15.
Ng3 Nd5 16. Bxe7 Qxe7 17. Qf3 Bb7 18. Nf5 Qd7 19. Nbd6 e4 20. Qg3 g6 21. Bb5
Qe6 22. Bc4 d3 23. O-O Kh8 24. Ne3 Qd7 25. Bxd5 Nc6 26. b5 Nd4 27. Qe5+ f6 28.
Qxd4 1-0

[Event "Hilton Open 2010"]
[Site "Basel"]
[Date "2010.01.??"]
[Round "?"]
[White "Stankovic, Zeljko"]
[Black "Sommerhalder, Eric"]
[Result "1-0"]
[WhiteElo "2195"]
[BlackElo "1879"]
[PlyCount "75"]
[EventDate "2009.12.28"]
[SourceDate "2009.12.28"]

1. d4 Nf6 2. c4 e6 3. Nc3 d5 4. cxd5 exd5 5. Bg5 Be7 6. e3 c6 7. Qc2 Bg4 8. Bd3
Nbd7 9. Nge2 Bxe2 10. Qxe2 Ne4 11. Bxe7 Qxe7 12. Bxe4 dxe4 13. Qg4 Nf6 14. Qxg7
Rg8 15. Qh6 Rxg2 16. Qh3 Rg6 17. O-O-O Qd7 18. Qh4 Qg4 {(=)} 19. Qg3 Qxd1+ 20.
Kxd1 Rxg3 21. hxg3 Kf8 22. Rh4 Re8 23. g4 h6 24. Rxh6 Kg7 25. g5 Ng4 26. Rh4
Nxf2+ 27. Ke2 Nd3 28. Nxe4 Nc1+ 29. Kf3 Nxa2 30. Nd6 Rd8 31. Nxb7 Rb8 32. Nd6
Kg6 33. Rh6+ Kg7 34. Nf5+ Kg8 35. Ne7+ Kg7 36. Nf5+ Kg8 37. Rxc6 Rxb2 38. Ra6
1-0

[Event "Hilton Open 2010"]
[Site "Basel"]
[Date "2010.01.??"]
[Round "?"]
[White "Delahaye, Raphaelle"]
[Black "Giertz, Niklaus"]
[Result "1/2-1/2"]
[WhiteElo "2183"]
[BlackElo "2248"]
[PlyCount "90"]
[SourceDate "2009.12.28"]

1. c4 c5 2. Nc3 Nc6 3. Nf3 Nf6 4. g3 d5 5. cxd5 Nxd5 6. Bg2 g6 7. Qb3 e6 8. O-O
Bg7 9. e4 Ndb4 10. Na4 Na5 11. Qd1 Nd3 12. Ne1 Nxc1 13. Rxc1 b6 14. e5 Bb7 15.
Bxb7 Nxb7 16. Nf3 O-O 17. Re1 Qd3 18. Rc3 Qd5 19. b3 Rfd8 20. Nb2 Qd7 21. Qe2
Na5 22. Qe4 Nc6 23. Nc4 Nd4 24. Ng5 h6 25. Nh3 Qc6 26. f4 Qxe4 27. Rxe4 Rd7 28.
Nf2 Rad8 29. Ng4 Nc6 30. Kf1 h5 31. Nge3 Nb4 32. a3 Nd5 33. Rc2 Nxe3+ 34. Rxe3
Bf8 35. Ke2 Rd4 36. Nb2 Be7 37. h4 Kf8 38. Nd3 R4d7 39. Nf2 Rd5 40. Ne4 Ke8 41.
Nc3 R5d7 42. Ne4 Rd4 43. Nc3 Rc8 44. Nb5 Rd7 45. a4 Kd8 1/2-1/2

[Event "Hilton Open 2010"]
[Site "Basel"]
[Date "2010.01.??"]
[Round "?"]
[White "Haener, Philippe"]
[Black "Paul, Mathias"]
[Result "0-1"]
[WhiteElo "2181"]
[BlackElo "1955"]
[PlyCount "56"]
[SourceDate "2009.12.28"]

1. Nf3 Nf6 2. d4 g6 3. c4 Bg7 4. Nc3 O-O 5. e4 d6 6. Be2 e5 7. O-O Nc6 8. d5
Ne7 9. b4 Nh5 10. c5 f5 11. Nd2 Nf6 12. f3 f4 13. Nc4 g5 14. a4 Ng6 15. Ba3 Rf7
16. b5 Bf8 17. cxd6 cxd6 18. Bb4 h5 19. a5 g4 20. Na4 g3 21. hxg3 fxg3 22. Be1
h4 23. Bd2 Nh5 24. a6 h3 25. axb7 Rxb7 26. Qc1 Nhf4 27. Re1 hxg2 28. Bxf4 Nxf4
0-1

[Event "Hilton Open 2010"]
[Site "Basel"]
[Date "2010.01.??"]
[Round "?"]
[White "Haener, Philippe"]
[Black "Müller, Louis"]
[Result "1-0"]
[WhiteElo "2181"]
[BlackElo "1734"]
[PlyCount "115"]
[EventDate "2010.01.02"]
[SourceDate "2009.12.28"]

1. e4 e5 2. Nf3 f5 3. Nxe5 Qf6 4. d4 d6 5. Nc4 fxe4 6. Nc3 Qg6 7. Nd5 Qf7 8.
Nce3 c6 9. Nc3 d5 10. Na4 b5 11. Nc3 a6 12. a4 b4 13. Na2 a5 14. c3 Ba6 15.
Bxa6 Nxa6 16. O-O Bd6 17. f3 Qh5 18. Ng4 Nf6 19. g3 O-O 20. Nxf6+ Rxf6 21. cxb4
axb4 22. fxe4 Qxd1 23. Rxd1 dxe4 24. Re1 Re8 25. Be3 Nc7 26. Rac1 Nd5 27. Re2
Bb8 28. Rc4 Ref8 29. Nxb4 Nxe3 30. Rxe3 Rf1+ 31. Kg2 R8f2+ 32. Kh3 Rh1 33. Rxc6
h5 34. Kh4 Rf5 35. Rc2 Kh7 36. Rxe4 Bxg3+ 37. Kxg3 Rg1+ 38. Kh4 Kh6 39. Rc6+ g6
40. Nd3 Kh7 41. Rc2 Rf3 42. Nf2 Rg2 43. Nh3 Rxh3+ 44. Kxh3 Rxc2 45. Re7+ Kh6
46. Rb7 Rc4 47. a5 Rxd4 48. a6 Ra4 49. a7 Kg5 50. Kg3 Kf5 51. b4 Ra3+ 52. Kf2
Kf4 53. Rf7+ Ke4 54. b5 Ra2+ 55. Kg3 g5 56. b6 Ra3+ 57. Kg2 h4 58. Rf8 1-0

[Event "Hilton Open 2010"]
[Site "Basel"]
[Date "2010.01.??"]
[Round "?"]
[White "Meyer, Bernhard"]
[Black "Speck, Hans"]
[Result "1-0"]
[WhiteElo "2163"]
[BlackElo "2050"]
[PlyCount "135"]
[SourceDate "2009.12.28"]

1. c4 e6 2. Qc2 d5 3. e3 f5 4. cxd5 exd5 5. Bd3 Qd7 6. Nc3 Nc6 7. a3 Ne5 8. Be2
Nf6 9. Nf3 Nxf3+ 10. gxf3 c6 11. b4 Bd6 12. Bb2 O-O 13. Bd3 a5 14. Na4 Qc7 15.
b5 cxb5 16. Qxc7 Bxc7 17. Bxb5 Bd7 18. Bxd7 Nxd7 19. f4 Rfe8 20. Rg1 g6 21. Kd1
Ra6 22. Bd4 Kf7 23. Rb1 b6 24. Nc3 Ke6 25. Rb5 Nc5 26. a4 Kd6 27. Kc2 Kc6 28.
Rgb1 h6 29. Rg1 Re6 30. Rbb1 Ra8 31. Rg2 Rg8 32. Rbg1 Bd8 33. Be5 Kb7 34. Nb5
Rc6 35. Nd4 Rc8 36. Rxg6 Nxa4+ 37. Kb1 Rxg6 38. Rxg6 Nc5 39. Nxf5 Ka6 40. Bc3
Ne4 41. Kb2 Nxf2 42. Rg8 b5 43. Ne7 Rc7 44. Rxd8 b4 45. Nxd5 bxc3+ 46. Nxc3 Rc6
47. Ra8+ Kb6 48. Rb8+ Kc7 49. Ra8 Nd3+ 50. Kc2 Nb4+ 51. Kd1 Rg6 52. Ne4 Rg1+
53. Ke2 Rg2+ 54. Kf3 Rxh2 55. Rxa5 Nd3 56. Ra1 h5 57. Kg3 Re2 58. Rh1 Ne1 59.
Rh2 h4+ 60. Kh3 Nf3 61. Rxe2 Ng1+ 62. Kxh4 Nxe2 63. f5 Kd7 64. Kg5 Ng1 65. Kg6
Nf3 66. Kg7 Ne5 67. f6 Ke6 68. Ng5+ 1-0

[Event "Hilton Open 2010"]
[Site "Basel"]
[Date "2010.01.??"]
[Round "?"]
[White "Schmidt, Ralf"]
[Black "Pelletier, Yannick"]
[Result "0-1"]
[WhiteElo "2162"]
[BlackElo "2589"]
[PlyCount "74"]
[EventDate "2010.01.02"]
[SourceDate "2009.12.28"]

1. f4 d5 2. Nf3 g6 3. e3 Bg7 4. Be2 Nf6 5. O-O O-O 6. Qe1 Nc6 7. c3 Ne4 8. d3
Nd6 9. Nbd2 Re8 10. d4 f6 11. c4 e6 12. a3 a5 13. b3 b6 14. Bb2 Ba6 15. Rc1 Qd7
16. Kh1 Ne7 17. Bd3 a4 18. b4 b5 19. cxb5 Bxb5 20. Qe2 Bxd3 21. Qxd3 Nec8 22.
Rc5 Nb6 23. e4 Ndc4 24. Nxc4 Nxc4 25. Rxc4 dxc4 26. Qxc4 Rab8 27. Rc1 Re7 28.
Kg1 Rb6 29. Rc2 Qe8 30. Bc1 Qa8 31. Nd2 Rd7 32. Bb2 f5 33. e5 Bh6 34. Qf1 g5
35. Nc4 Rb8 36. Na5 Qe4 37. fxg5 Qxc2 0-1

[Event "Hilton Open 2010"]
[Site "Basel"]
[Date "2010.01.??"]
[Round "?"]
[White "Staechelin, Ruedi"]
[Black "Lafuente, Pablo"]
[Result "0-1"]
[WhiteElo "2132"]
[BlackElo "2550"]
[PlyCount "110"]
[EventDate "2010.01.02"]
[SourceDate "2009.12.28"]

1. e4 c5 2. Nf3 e6 3. b3 Nc6 4. Bb2 a6 5. g3 d6 6. Bg2 Nf6 7. e5 dxe5 8. Nxe5
Nd4 9. O-O Bd6 10. Nf3 Nc6 11. d4 Qe7 12. c4 O-O 13. Qe2 Rd8 14. Rd1 Bd7 15.
Nc3 Rab8 16. Ne4 Nxe4 17. Qxe4 cxd4 18. Nxd4 Bc5 19. Qe2 a5 20. Nxc6 bxc6 21.
Rd3 Be8 22. Rad1 Rxd3 23. Qxd3 e5 24. Be4 g6 25. Qf3 Rc8 26. h4 h5 27. Bc1 f5
28. Bc2 Bd4 29. Qe2 c5 30. Be3 Qf6 31. Re1 Bc6 32. Bxd4 exd4 33. Qe6+ Qxe6 34.
Rxe6 Kf7 35. Re1 a4 36. Re5 axb3 37. Bxb3 Bf3 38. Re1 Rb8 39. Ra1 Ke6 40. Kf1
Kd6 41. Re1 Rf8 42. Bc2 Rb8 43. Bb3 f4 44. Bd1 Bxd1 45. Rxd1 fxg3 46. Rd3 Rb1+
47. Kg2 gxf2 48. Kxf2 Rc1 49. Rg3 Rxc4 50. Rxg6+ Ke5 51. Rg5+ Ke4 52. Rxh5 Rc2+
53. Ke1 c4 54. Rh8 Rxa2 55. h5 Kd3 0-1

[Event "Hilton Open 2010"]
[Site "Basel"]
[Date "2010.01.??"]
[Round "?"]
[White "Staechelin, Ruedi"]
[Black "Aerni, Andi"]
[Result "1-0"]
[WhiteElo "2132"]
[BlackElo "2115"]
[PlyCount "89"]
[SourceDate "2009.12.28"]

1. e4 d5 2. exd5 Qxd5 3. Nc3 Qa5 4. d4 c6 5. Bc4 Bf5 6. Nf3 Nf6 7. O-O e6 8.
Ne2 Nbd7 9. c3 Bd6 10. Bf4 Bxf4 11. Nxf4 O-O 12. h3 Rad8 13. Qe2 Rfe8 14. Rfe1
Qc7 15. Nd3 b5 16. Bb3 Bxd3 17. Qxd3 e5 18. Qf5 g6 19. Qg5 exd4 20. Nxd4 Ne4
21. Qh4 Nd6 22. Qf4 Nf8 23. Rxe8 Nxe8 24. Qxc7 Nxc7 25. Nxc6 Rd2 26. Rb1 a6 27.
Nd4 Nfe6 28. Nf3 Rd6 29. Rd1 Rxd1+ 30. Bxd1 f6 31. Bb3 Kf8 32. Bxe6 Nxe6 33.
Ne1 Nf4 34. Kf1 Ke7 35. h4 h5 36. g3 Nd5 37. Ke2 Kd6 38. Nd3 g5 39. Kf3 Ne7 40.
Ke4 a5 41. f3 f5+ 42. Ke3 gxh4 43. gxh4 Ng6 44. Nf4 Nxh4 45. Kf2 1-0

[Event "Hilton Open 2010"]
[Site "Basel"]
[Date "2010.01.??"]
[Round "?"]
[White "Graeber, Fabien"]
[Black "Lumsdon, Andrew"]
[Result "1-0"]
[WhiteElo "2124"]
[BlackElo "2057"]
[PlyCount "105"]
[SourceDate "2009.12.28"]

1. c4 e5 2. Nc3 Nf6 3. Nf3 Nc6 4. d4 exd4 5. Nxd4 g6 6. Nxc6 dxc6 7. Qxd8+ Kxd8
8. Bg5 Be7 9. O-O-O+ Bd7 10. e4 Ng4 11. Bxe7+ Kxe7 12. Rd2 Be6 13. h3 Ne5 14.
b3 Rad8 15. f4 Rxd2 16. Kxd2 Rd8+ 17. Ke3 Nd7 18. Be2 Nf6 19. g4 Ne8 20. Rd1
Rxd1 21. Bxd1 f6 22. f5 Bf7 23. c5 Ng7 24. b4 g5 25. a3 Bc4 26. Be2 Bb3 27. Kd4
h6 28. Bc4 Bxc4 29. Kxc4 Ne8 30. Kd4 Kf7 31. Nb1 Ke7 32. Nd2 Kf7 33. Nc4 b6 34.
Nd2 Ke7 35. Nf3 Kd7 36. e5 Kc8 37. exf6 Nxf6 38. Ne5 Nd5 39. Nxc6 Nf4 40. Nxa7+
Kd7 41. cxb6 cxb6 42. Ke4 Nxh3 43. Nb5 Nf2+ 44. Kf3 Nd3 45. Nc3 Kd6 46. Ne4+
Ke7 47. b5 Ne5+ 48. Kg3 Nc4 49. a4 Nb2 50. a5 bxa5 51. b6 Kd7 52. b7 Kc7 53. f6
1-0

[Event "Hilton Open 2010"]
[Site "Basel"]
[Date "2010.01.??"]
[Round "?"]
[White "Wirz, Heinz"]
[Black "Meijers, Viesturs"]
[Result "0-1"]
[WhiteElo "2120"]
[BlackElo "2488"]
[PlyCount "56"]
[EventDate "2009.12.28"]
[SourceDate "2009.12.28"]

1. d4 Nf6 2. c4 e6 3. Nf3 Bb4+ 4. Bd2 a5 5. g3 d5 6. cxd5 exd5 7. Bg2 O-O 8.
O-O Ne4 9. Bxb4 axb4 10. Nbd2 Nf6 11. Ne5 Qd6 12. Qb3 Na6 13. e3 c5 14. Rfd1
Bf5 15. e4 dxe4 16. Ndc4 Qc7 17. d5 b5 18. d6 bxc4 19. Qxc4 Qb6 20. f3 Be6 21.
Qe2 c4+ 22. Kh1 Qc5 23. f4 Rfd8 24. Bxe4 Nxe4 25. Qxe4 f5 26. Qb7 c3 27. bxc3
bxc3 28. Rac1 Nb4 0-1

[Event "Hilton Open 2010"]
[Site "Basel"]
[Date "2010.01.??"]
[Round "?"]
[White "Wirz, Heinz"]
[Black "Moser, Guido"]
[Result "1/2-1/2"]
[WhiteElo "2120"]
[BlackElo "2022"]
[PlyCount "42"]
[SourceDate "2009.12.28"]

1. d4 Nf6 2. c4 c6 3. Nc3 d5 4. e3 e6 5. Nf3 a6 6. Qc2 Nbd7 7. Bd3 dxc4 8. Bxc4
b5 9. Bd3 c5 10. O-O Bb7 11. Qe2 Be7 12. b3 O-O 13. Bb2 Rc8 14. Rfd1 Qa5 15. a3
cxd4 16. b4 Qb6 17. exd4 Nd5 18. Nxd5 Bxd5 19. Ne5 Nf6 20. Rac1 Qb7 21. f3 h6
1/2-1/2

[Event "Hilton Open 2010"]
[Site "Basel"]
[Date "2010.01.??"]
[Round "?"]
[White "Aerni, Andi"]
[Black "Stucki, Kaspar"]
[Result "1-0"]
[WhiteElo "2115"]
[BlackElo "2021"]
[PlyCount "53"]
[SourceDate "2009.12.28"]

1. d4 d5 2. c4 c6 3. Nc3 Nf6 4. Nf3 e6 5. Bg5 dxc4 6. e4 b5 7. e5 h6 8. Bh4 g5
9. Nxg5 hxg5 10. Bxg5 Nbd7 11. g3 Bb7 12. Bg2 Qb6 13. exf6 O-O-O 14. O-O c5 15.
d5 b4 16. Na4 Qb5 17. a3 exd5 18. axb4 cxb4 19. Qc2 Nc5 20. Nxc5 Bxc5 21. Rfc1
b3 22. Qf5+ Qd7 23. Qf3 Qb5 24. Qf5+ Rd7 25. Bf4 Rhd8 26. Bh3 d4 27. Qe5 1-0

[Event "Hilton Open 2010"]
[Site "Basel"]
[Date "2010.01.??"]
[Round "?"]
[White "Schenker, Roberto"]
[Black "Filipovic, Branko"]
[Result "0-1"]
[WhiteElo "2105"]
[BlackElo "2450"]
[PlyCount "70"]
[EventDate "2010.01.02"]
[SourceDate "2009.12.28"]

1. e4 b6 2. d4 Bb7 3. Nc3 e6 4. a3 g6 5. Nf3 Bg7 6. Bd3 Ne7 7. Be3 d6 8. O-O
Nd7 9. Qe2 O-O 10. Rad1 h6 11. Bc4 a6 12. d5 e5 13. Ne1 f5 14. f3 f4 15. Bf2 g5
16. g4 fxg3 17. hxg3 Nf6 18. Ng2 Bc8 19. Qd2 Ng6 20. Be2 Bh3 21. Rb1 Qd7 22.
Be3 Nh5 23. Kh2 Kh7 24. g4 Bxg2 25. Kxg2 Nh4+ 26. Kh2 Nf4 27. Bd1 h5 28. Bxf4
Rxf4 29. Be2 Raf8 30. Qd3 R8f6 31. Qxa6 hxg4 32. fxg4 Rxg4 33. Rf5 Rg2+ 34. Kh1
Rh6 35. Qd3 Rg3 0-1

[Event "Hilton Open 2010"]
[Site "Basel"]
[Date "2010.01.??"]
[Round "?"]
[White "Ditzler, Juerg"]
[Black "Pfau, Michael"]
[Result "0-1"]
[WhiteElo "2104"]
[BlackElo "1993"]
[PlyCount "111"]
[SourceDate "2009.12.28"]

1. Nf3 Nc6 2. d4 d5 3. g3 Bg4 4. Bg2 Qd7 5. h3 Bf5 6. g4 Be4 7. Nc3 e6 8. Bf4
Bb4 9. O-O Bxc3 10. bxc3 f6 11. c4 g5 12. Bg3 h5 13. c3 hxg4 14. hxg4 Nh6 15.
Qb3 b6 16. cxd5 exd5 17. Nh2 Na5 18. Qb4 Bxg2 19. Kxg2 Nxg4 20. Nxg4 Qxg4 21.
f3 Qd7 22. Rh1 O-O-O 23. a4 g4 24. Qb5 gxf3+ 25. exf3 Qf5 26. Rxh8 Qc2+ 27. Kg1
Rxh8 28. Qxd5 Kb8 29. Re1 Qg6 30. Kf2 Qc2+ 31. Re2 Qxc3 32. Re7 Qc2+ 33. Re2
Qh7 34. Qe6 Qg7 35. Rc2 Rg8 36. Bxc7+ Ka8 37. Ke3 Qg1+ 38. Ke4 Qg6+ 39. Qf5
Re8+ 40. Kf4 Qh6+ 41. Kg3 Rg8+ 42. Kf2 Qh4+ 43. Ke3 Qe1+ 44. Kf4 Qg3+ 45. Ke4
Qe1+ 46. Kd5 Rg5 47. Qxg5 fxg5 48. Be5 Qd1 49. Rc8+ Kb7 50. Rc7+ Ka6 51. Ke6
Qxf3 52. d5 Qb3 53. Rg7 Nb7 54. Bb8 Qh3+ 55. Kf6 Qf3+ 56. Ke6 0-1

[Event "Hilton Open 2010"]
[Site "Basel"]
[Date "2010.01.??"]
[Round "?"]
[White "Altmann, Dominik"]
[Black "Hendriks, Willy"]
[Result "0-1"]
[WhiteElo "2067"]
[BlackElo "2432"]
[PlyCount "92"]
[EventDate "2010.01.02"]
[SourceDate "2009.12.28"]

1. d4 c5 2. d5 e6 3. c4 exd5 4. cxd5 d6 5. Nc3 a6 6. a4 g6 7. Nf3 Bg7 8. Bf4
Qe7 9. Nd2 Nd7 10. Nc4 Ne5 11. Bxe5 Bxe5 12. Nxe5 Qxe5 13. g3 Nf6 14. Bg2 O-O
15. O-O Rb8 16. a5 b5 17. axb6 Rxb6 18. Ra2 Rb4 19. e3 Re8 20. Re1 Bg4 21. Qd3
Reb8 22. f3 Bc8 23. Re2 Qh5 24. e4 Qe5 25. Rd2 h5 26. Qe3 Kg7 27. f4 Qe7 28. h3
Nd7 29. Re2 f6 30. g4 hxg4 31. hxg4 g5 32. f5 Ne5 33. Bf3 Nc4 34. Qf2 Qe5 35.
Nd1 Rb3 36. Rc2 Qf4 37. Rc3 Ne5 38. Kg2 Nxg4 39. Qg3 Qd2+ 40. Kh1 Ne5 41. Kg1
Rxc3 42. Nxc3 Rxb2 43. Rxb2 Qxb2 44. Ne2 a5 45. Bh5 Qb1+ 46. Kh2 Qxe4 0-1

[Event "Hilton Open 2010"]
[Site "Basel"]
[Date "2010.01.??"]
[Round "?"]
[White "Altmann, Dominik"]
[Black "Seitz, Benjamin"]
[Result "1/2-1/2"]
[WhiteElo "2067"]
[BlackElo "1997"]
[PlyCount "36"]
[SourceDate "2009.12.28"]

1. d4 Nf6 2. c4 e6 3. Nc3 Bb4 4. Bd2 O-O 5. e3 c5 6. a3 Bxc3 7. Bxc3 cxd4 8.
Qxd4 d5 9. Nf3 Nc6 10. Qh4 Ne4 11. Qxd8 Rxd8 12. Rc1 Nxc3 13. Rxc3 d4 14. exd4
Nxd4 15. Nxd4 Rxd4 16. Rd3 Rxd3 17. Bxd3 Bd7 18. Kd2 Bc6 1/2-1/2

[Event "Hilton Open 2010"]
[Site "Basel"]
[Date "2010.01.??"]
[Round "?"]
[White "Seidler, Lukas"]
[Black "Wirthensohn, Heinz"]
[Result "1/2-1/2"]
[WhiteElo "2062"]
[BlackElo "2393"]
[PlyCount "96"]
[EventDate "2010.01.02"]
[SourceDate "2009.12.28"]

1. e4 c5 2. Nf3 g6 3. d4 Bg7 4. Nc3 cxd4 5. Nxd4 Nc6 6. Be3 Nf6 7. Bc4 O-O 8.
Bb3 Ng4 9. Qxg4 Nxd4 10. O-O-O Nxb3+ 11. axb3 Qa5 12. Kb1 d6 13. Qh4 Bf6 14.
Qh6 Bg7 15. Qh4 Bxc3 16. bxc3 f6 17. f4 Qxc3 18. Rd3 Qc6 19. f5 Rf7 20. Bh6
Bxf5 21. exf5 Qxg2 22. Qe1 Rc8 23. Bd2 Qc6 24. Rc3 Qd7 25. Rxc8+ Qxc8 26. fxg6
hxg6 27. Rg1 Qf5 28. Qg3 Rg7 29. h4 Kf7 30. Qe3 Qc5 31. Qg3 Qf5 32. Qg2 d5 33.
Re1 Qd7 34. Qf3 Rh7 35. Bb4 e6 36. Rf1 Qd8 37. Qf4 Rh5 38. Qd4 b6 39. Bd2 Kg7
40. Qf2 Rf5 41. Qg2 Rxf1+ 42. Qxf1 e5 43. Qh3 Qe8 44. Qg4 d4 45. h5 g5 46. Bxg5
fxg5 47. Qxg5+ Kh7 48. h6 Qd7 1/2-1/2

[Event "Hilton Open 2010"]
[Site "Basel"]
[Date "2010.01.??"]
[Round "?"]
[White "Seidler, Lukas"]
[Black "Sommerhalder, Eric"]
[Result "1-0"]
[WhiteElo "2062"]
[BlackElo "1879"]
[PlyCount "82"]
[SourceDate "2009.12.28"]

1. Nf3 d5 2. d4 c6 3. e3 Bg4 4. c4 e6 5. Qb3 Qc7 6. Nbd2 Nd7 7. Bd3 Bxf3 8.
Nxf3 Ngf6 9. Bd2 Be7 10. O-O O-O 11. Rac1 Rad8 12. cxd5 exd5 13. Qc2 Bd6 14. b4
Rfe8 15. b5 c5 16. dxc5 Nxc5 17. Bb4 b6 18. h3 Qe7 19. Nd4 Qe5 20. g3 Qg5 21.
h4 Qg4 22. Bf5 Qh5 23. Nc6 Ra8 24. Bh3 Re4 25. Qd1 Qg6 26. Bg2 Rg4 27. Rc2 Re8
28. Kh1 Nfe4 29. Bxc5 bxc5 30. Qxd5 Rxg3 31. fxg3 Nxg3+ 32. Kg1 Nxf1 33. Rc3
Ng3 34. Rd3 Nf5 35. Rd2 Rxe3 36. Kf1 Re8 37. Qd3 h6 38. Nxa7 Ne3+ 39. Kg1 Nf5
40. b6 Re1+ 41. Kf2 Bg3+ 1-0